A$AP Ferg Charting Songs (Billboard Hot 100) - Statistics

General Stats
  • This quiz has been taken 32 times
    18 since last reset
  • The average score is 4 of 7
Answer Stats
Album Weeks On Peak Artist(s) Song % Correct
Still Striving 25 Weeks #26 A$AP Ferg ft. Nicki Minaj Plain Jane
100%
Floor Seats II 2 Weeks #19 A$AP Ferg ft. Nicki Minaj & MadeinTYO Move Ya Hips
82%
Lords Never Worry 2 Weeks #100 A$AP Ferg Work
73%
Don Life 1 Week #89 Big Sean ft. A$AP Ferg & Hit-Boy Bezerk
55%
Always Strive and Prosper 3 Weeks #90 A$AP Ferg ft. Future New Level
55%
King's Disease 1 Week #96 Nas ft. Fivio Foreign & A$AP Ferg Spicy
45%
Expensive Pain 1 Week #89 Meek Mill ft. A$AP Ferg Me (FWM)
36%
No matching quizzes found
Score Distribution
Percent of People with Each Score
Percentile by Number Answered
Your Score History
You have not taken this quiz since the last reset